000 00401nam a2200169Ia 4500
001 18432
003 IN-NITTTR
005 20251114233214.0
008 251113s9999||||xx |||||||||||||| ||eng||
040 _beng
040 _cIN-NITTTR
041 _aeng
082 _a370.19346 G875P
100 _aGriffiths, V. L.
245 4 _aThe problems of rural education /
_cGriffiths, V. L.
942 _2ddc
_cBK
999 _c21066
_d21066